000 01304cam a22002294a 4500
005 20250605164107.0
008 250528s ||||||||||||||||||||||||d
035 _a17771
020 _a9781118945834
040 _aGR-AtMCL
_bgre
_dGR-AtMCL
_eAACR2
245 1 _aProject Management / A Managerial Approach: Ninth Edition
250 _a9th
260 _bWiley,
_c2016
300 _a492
520 _aThis collaborative learning environment provides immediate insight into strengths and problem areas through a combination of dynamic course materials and visual reports so that both you and your students can act on what's most important. Projects in Contemporary Organizations, Project Initiation, Strategic Management and Project Selection, The Project Manager, Managing Conflict and the Art of Negotiation, The Project in the Organizational Structure, Project Planning, Project Activity and Risk Planning, Budgeting: Estimating Costs and Risks, Scheduling, Resource Allocation, Project Execution, Monitoring and Information Systems, Project Control, Project Auditing, Project Termination, Appendices, Author and Subject Index.
700 1 _aMantel Samuel J
_94004
700 1 _aMeredith Jack R
_94005
700 1 _aShafer Scott M
_94006
942 _cBK
999 _c3171
_d3171